| 000 | 00534nam a22001697a 4500 | ||
|---|---|---|---|
| 999 |
_c9203 _d9203 |
||
| 008 | 210329b ||||| |||| 00| 0 eng d | ||
| 040 | _aBMS College of Architecture | ||
| 100 | _aGupta, Priyanka | ||
| 245 | _aSanskritik janasthal - A public realm at Kala Ghoda Mumbi | ||
| 300 | _aNA | ||
| 500 | _a1BM03AT018 | ||
| 502 |
_8B.Arch _NBMS College of Architecture, Visvesvaraya Technological University _aProject report _d2007 |
||
| 650 | _aMumbai | ||
| 700 |
_aPrassanna Rao _eGuide |
||
| 700 |
_aSatish Rao _eGuide |
||
| 942 |
_2ddc _cTHE |
||